ბათუმის შოთა რუსთაველის სახელმწიფო უნივერსიტეტის ბიბლიოთეკა

საქართველოს ძირითადი ნიადაგური ტიპები (ბიბ.ჩანაწერი № 35297)

000 -LEADER
fixed length control field 00754nam a2200205Ia 4500
001 - CONTROL NUMBER
control field 1147
003 - CONTROL NUMBER IDENTIFIER
control field GE_BSU
008 - FIXED-LENGTH DATA ELEMENTS--GENERAL INFORMATION
fixed length control field 181216s||||||||xx |||||||||||||| ||und||
040 ## - CATALOGING SOURCE
Transcribing agency GE_BSU
100 ## - MAIN ENTRY--PERSONAL NAME
Personal name ტალახაძე, გ. რ.
245 ## - TITLE STATEMENT
Title საქართველოს ძირითადი ნიადაგური ტიპები
245 ## - TITLE STATEMENT
Remainder of title დამხ. სახელმძღვანელო სას–სამ.ინ–ტის სტუდენტებისათვის.
260 ## - PUBLICATION, DISTRIBUTION, ETC.
Place of publication, distribution, etc. თბილისი
260 ## - PUBLICATION, DISTRIBUTION, ETC.
Name of publisher, distributor, etc. ცოდნა
260 ## - PUBLICATION, DISTRIBUTION, ETC.
Date of publication, distribution, etc. 1964
300 ## - PHYSICAL DESCRIPTION
Extent 218 გც..19სმ.
653 ## - INDEX TERM--UNCONTROLLED
Uncontrolled term საქართველოს ნიადაგები
942 ## - ADDED ENTRY ELEMENTS (KOHA)
Koha item type კომპიუტერის ფაილები
ეგზემპლარები
Withdrawn status Lost status Damaged status Not for loan Date acquired Barcode Date last seen Price effective from Koha item type
        2018-12-17 2677 2018-12-17 2018-12-17 კომპიუტერის ფაილები